000 005140000a22001930004500
001 003751
003 MACL
005 20150715153811.0
008 150715b xxu||||| |||| 00| 0 eng d
040 _aMACL
_cMACL
041 _aEnglish
082 _a323.44/MUK
100 _aMukherjee, Daya
_92244
245 _aSubhas Chandra Bose
_bAccelerator of India's Indepencence
_cDaya Mukherjee
260 _aNew Delhi
_c1997
_bGyan Publishing House,
350 _a595
650 _aReligion
_92245
942 _k323
_cBK
_2ddc
999 _c15645
_d15645